Name that Battleship! - Statistics

General Stats
  • This quiz has been taken 34 times
    32 since last reset
  • The average score is 4 of 16
Answer Stats
Picture Answer % Correct
New Jersey
84%
Wisconsin
56%
Gneisenau
52%
Vittorio Veneto
48%
Anson
44%
Mutsu
36%
Bayern
20%
Lemnos
16%
France
12%
São Paulo
8%
Zrinyi
8%
Odin
4%
Sevastopol (1895)
4%
Africa
0%
Evertsen
0%
not the Väinämöinen
0%
No matching quizzes found
Score Distribution
Percent of People with Each Score
Percentile by Number Answered
Your Score History
You have not taken this quiz since the last reset